000 00381nam a2200133Ia 4500
008 220217s9999||||xx |||||||||||||| ||und||
020 _a81-203-2069-7
082 _a658.8 COU
100 _aCoughlan, Anne, T Andrson, Erin
_92755
245 0 _aMarketing channels
260 _aPrentice hall of india
_bNew Delhi
_c2002
300 _b195
650 _aMARKETING MANAGEMENT
_92756
999 _c169927
_d169927